|
|
|
|
| LEADER |
00000nam0a2200000 4500 |
| 001 |
187868 |
| 005 |
20231101224109.0 |
| 020 |
|
|
|a RU
|b 90-66911
|
| 035 |
|
|
|a (RuTPU)RU\TPU\book\203857
|
| 090 |
|
|
|a 187868
|
| 100 |
|
|
|a 20101123d1990 m y0rusy5003 ca
|
| 101 |
0 |
|
|a rus
|
| 102 |
|
|
|a RU
|
| 105 |
|
|
|a a z 000aa
|
| 200 |
1 |
|
|a Маска и душа: Мои сорок лет на театрах
|f Ф. И. Шаляпин
|g авт. предисл. Б. Покровский ; сост. Е. Дмитриевская
|
| 210 |
|
|
|a Москва
|c В/О "Союзтеатр" СТД СССР
|d 1990
|
| 215 |
|
|
|a 320 с.
|c портр., цв. фотогр.
|
| 600 |
|
1 |
|a Шаляпин
|b Ф. И.
|c российский певец (бас)
|f 1873-1938
|g Федор Иванович
|2 stltpush
|3 (RuTPU)RU\TPU\pers\7952
|9 1547
|
| 606 |
1 |
|
|a Оперы
|2 stltpush
|3 (RuTPU)RU\TPU\subj\47064
|9 66131
|
| 606 |
1 |
|
|a Исполнители
|2 stltpush
|3 (RuTPU)RU\TPU\subj\13218
|9 39867
|
| 610 |
1 |
|
|a вокальное искусство
|
| 610 |
1 |
|
|a театр
|
| 675 |
|
|
|a 782(092)
|v 3
|
| 675 |
|
|
|a 78.071.1(092)
|v 3
|
| 700 |
|
1 |
|a Шаляпин
|b Ф. И.
|c российский певец (бас)
|f 1873-1938
|g Федор Иванович
|2 stltpush
|3 (RuTPU)RU\TPU\pers\7952
|9 1547
|
| 702 |
|
1 |
|a Покровский
|b Б.
|4 080
|
| 702 |
|
1 |
|a Дмитриевская
|b Е.
|4 220
|
| 801 |
|
0 |
|a RU
|b RuMRKP
|c 19950417
|g psbo
|
| 801 |
|
1 |
|a RU
|b 63413507
|c 20101123
|
| 801 |
|
2 |
|a RU
|b 63413507
|c 20220126
|g RCR
|
| 942 |
|
|
|c BK
|